| 000 | 00381nam a2200145Ia 4500 | ||
|---|---|---|---|
| 008 | 230917s9999||||xx |||||||||||||| ||und|| | ||
| 040 |
_e52090 _aMAIN |
||
| 041 | _aEnglish | ||
| 082 | _a350.1 S64P | ||
| 100 | _aSinha, V M | ||
| 245 | 0 | _aPerrsonnel administration: concept and comparative perspectives | |
| 260 |
_aJaipur _bP B S A _c1986 |
||
| 300 | _axiv, 555 p. | ||
| 942 | _cBK | ||
| 999 |
_c232594 _d232594 |
||